• 首页
  • 本馆介绍
  • 公告通知
  • 最新文献
  • 馆藏检索
  • 电子资源
  • 读者导购
  • 参考咨询
  • 我的图书馆
  • 登录
  • 详细信息显示
  • 放入我的书架
  • 预约/预借图书
  • 作者相关作品
  • 分类相关作品
  • 丛书相关作品
  • 出版社相关作品

书目信息

  • 表格格式
  • 工作单格式
  • 卡片格式
题名:
NET游戏编程入门经典
    
 
作者: 韦勒 , 洛邦 , 哈顿 著 ;李化 , 方小永 译
分册:  
出版信息: 北京   清华大学出版社  2006
页数: 295页
开本: 26cm
丛书名: 游戏开发经典丛书
单 册:
中图分类: TP312C , TP311.5 , G899
科图分类:
主题词: 互联网络--游戏--应用软件--程序设计 , 互联网络 , 应用软件 , 程序设计 , C语言 , 游戏--C语言--程序设计 , 文娱性体育活动
电子资源:
ISBN: 7-302-12104-4
000 01500nam0 2200421 450
000 01454nam0 2200397 450
000 01384nam0 2200373 450
000 01347nam0 2200361 45
005 20070602092202.23
010    @a 7-302-12104-4@dCNY39.00
100    @a20070314d2006 em y0chiy0120 ea
101 1  @achi@ceng
102    @aCN@b110000
105    @aa z 000yy
200 1  @aNET游戏编程入门经典@ANET you xi bian cheng ru men jing dian@eC#篇@f(美)David Weller,(美)Alexandre Santos Lobao,(美)Ellen Hatton著@g李化,方小永译
210    @a北京@c清华大学出版社@d2006
215    @a295页@c图@d26cm
225 2  @a游戏开发经典丛书
305    @aApress出版公司授权出版
330    @a本书展示了如何利用.NET的功能创建令人激动的、功能齐全的游戏,循序渐进地揭示了游戏的开发进程,运用了丰富的游戏案例、图例和程序代码,使读者可以对开发游戏有直观的理解。
410  0 @12001 @a游戏开发经典丛书
606 0  @a互联网络@x游戏@x应用软件@x程序设计
606 0  @a互联网络
606 0  @a应用软件
606 0  @a程序设计
606 0  @aC语言
606 0  @a游戏@xC语言@x程序设计
606 0  @a文娱性体育活动
690    @aTP312C@v4
690    @aTP311.5@v4
690    @aG899@v3
701  1 @c(美)@a韦勒@Awei le@g(Weller, David)@4著
701  1 @c(美)@a洛邦@Aluo bang@g(Lobao, Alexandre Santos)@4著
701  1 @c(美)@a哈顿@Aha dun@g(Hatton, Ellen)@4著
702  0 @a李化@Ali hua@4译
702  0 @a方小永@Afamg xiap yong@4译
801  0 @aCN@bTAOJIN@c20070602
905    @a10447@dG899@e256
    
    NET游戏编程入门经典:C#篇/(美)David Weller,(美)Alexandre Santos Lobao,(美)Ellen Hatton著/李化,方小永译 .-北京:清华大学出版社,2006
    295页:图;26cm.-(游戏开发经典丛书)
    
    
    ISBN 7-302-12104-4:CNY39.00
    本书展示了如何利用.NET的功能创建令人激动的、功能齐全的游戏,循序渐进地揭示了游戏的开发进程,运用了丰富的游戏案例、图例和程序代码,使读者可以对开发游戏有直观的理解。
●
相关链接 在E读中查询图书 在五车中查询图书 在当当中查询图书 在豆瓣中查询图书


正题名:NET游戏编程入门经典     索取号:G899/256         预约/预借

序号 登录号 条形码 馆藏地/架位号 状态 备注
1 0524267   205242673   第一样本阅览室/ [索取号:G899/256] 在馆    
2 0524268   205242682   第四借阅区/ [索取号:G899/256] 在馆    
3 0524269   205242691   第四借阅区/ [索取号:G899/256] 在馆    
4 0524270   205242708   第四借阅区/ [索取号:G899/256] 在馆    
5 0524271   205242717   第四借阅区/ [索取号:G899/256] 在馆    
6 0524272   205242726   第四借阅区/ [索取号:G899/256] 在馆    
7 0524273   205242735   第四借阅区/ [索取号:G899/256] 在馆    
8 0524274   205242744   第四借阅区/ [索取号:G899/256] 在馆    
唐山师范学院图书馆 欢迎您!
大连网信软件有限公司© 版权所有